Central Library OPAC University of Rajshahi
Normal view MARC view

Entry Personal Name

Number of records used in: 3

001 - CONTROL NUMBER

  • control field: 8624

003 - CONTROL NUMBER IDENTIFIER

  • control field: BD-RjUL

005 - DATE AND TIME OF LATEST TRANSACTION

  • control field: 20230828105604.0

008 - FIXED-LENGTH DATA ELEMENTS

  • fixed length control field: 230828|| aca||aabn | a|a d

040 ## - CATALOGING SOURCE

  • Original cataloging agency: BD-RjUL
  • Transcribing agency: BD-RjUL

100 ## - HEADING--PERSONAL NAME

  • Personal name: গঙ্গোপাধ্যায়, মুনমুন

670 ## - SOURCE DATA FOUND

  • Source citation: Work cat.: (BD-RjUL)81788: গঙ্গোপাধ্যায়, মুনমুন , শ্রীকৃষ্ণকীর্তন পরিক্রমা /, ২০১০, [পুনর্মুদ্রণ ২০১৫]